[Event "VIE-chT"]
[Site "Ho Chi Minh City"]
[Date "2017.07.25"]
[Round "3.7"]
[White "Nguyen, Thanh Nghia"]
[Black "Pham, Chuong"]
[Result "0-1"]
[WhiteElo "2124"]
[BlackElo "2391"]
[PlyCount "78"]
[EventDate "2017.07.24"]
[EventType "team-swiss"]
[EventRounds "9"]
[EventCountry "VIE"]
[SourceTitle "EXT 2019"]
[Source "ChessBase"]
[SourceDate "2018.10.10"]
[SourceVersion "1"]
[SourceVersionDate "2018.10.10"]
[SourceQuality "1"]

1. e4 c5 2. Nf3 d6 3. d4 cxd4 4. Nxd4 Nf6 5. f3 g6 6. c4 Bg7 7. Nc3 Nc6 8. Be3 0-0 9. Qd2 Bd7 10. Be2 Nxd4 11. Bxd4 Bc6 12. 0-0 Nd7 13. Bxg7 Kxg7 14. Rfd1 Qb6+ 15. Qd4+ Qxd4+ 16. Rxd4 a5 17. b3 Nc5 18. Rb1 h5 19. Bd1 h4 20. Bc2 Rad8 21. Rbd1 Rh8 22. R4d2 Ra8 23. Re1 f6 24. Nd5 Kf7 25. f4 Ne6 26. f5 Nf8 27. e5 gxf5 28. exd6 e6 29. Nf4 Rd8 30. c5 e5 31. Nd5 Ne6 32. Bxf5 Nxc5 33. Ne7 Ne6 34. Nxc6 bxc6 35. Rc1 Nd4 36. Rxd4 exd4 37. Rxc6 Rh5 38. Rc5 Rxd6 39. Kf2 d3 0-1

[Event "VIE-ch Resolution 7th"]
[Site "Bac Giang"]
[Date "2014.12.12"]
[Round "7"]
[White "Tran, Tuan Minh"]
[Black "Nguyen, Thanh Nghia"]
[Result "1-0"]
[WhiteElo "2455"]
[BlackElo "2124"]
[PlyCount "83"]
[EventDate "2014.12.05"]
[EventType "swiss"]
[EventRounds "9"]
[EventCountry "VIE"]
[SourceTitle "EXT 2019"]
[Source "ChessBase"]
[SourceDate "2018.10.10"]
[SourceVersion "1"]
[SourceVersionDate "2018.10.10"]
[SourceQuality "1"]

1. d4 f5 2. e4 fxe4 3. Nc3 Nf6 4. Bg5 g6 5. f3 exf3 6. Nxf3 Bg7 7. Qd2 d5 8. Bd3 Nc6 9. Bh6 0-0 10. Bxg7 Kxg7 11. 0-0 Nb4 12. Rae1 Nxd3 13. cxd3 Bf5 14. Qe3 e6 15. h3 h5 16. Ne2 Qe7 17. Ne5 Rac8 18. Qg5 Rce8 19. Nf4 Nh7 20. Qxe7+ Rxe7 21. g4 hxg4 22. hxg4 g5 23. gxf5 gxf4 24. Ng6 Ref7 25. Nxf8 Rxf8 26. fxe6 Ng5 27. Re5 Kg6 28. Kf2 Kf6 29. e7 Re8 30. Rh1 Nf7 31. Rxd5 Rxe7 32. Rh4 Nd6 33. Rxf4+ Kg6 34. Re5 Rh7 35. Ke2 Rh2+ 36. Rf2 Rh4 37. Ke3 Rh3+ 38. Kd2 Rh4 39. Kc3 a6 40. a4 Rh1 41. Re7 b5 42. Rxc7 1-0

[Event "VIE-ch Resolution 7th"]
[Site "Bac Giang"]
[Date "2014.12.10"]
[Round "5"]
[White "Le, Tuan Minh"]
[Black "Nguyen, Thanh Nghia"]
[Result "1-0"]
[WhiteElo "2393"]
[BlackElo "2124"]
[PlyCount "93"]
[EventDate "2014.12.05"]
[EventType "swiss"]
[EventRounds "9"]
[EventCountry "VIE"]
[SourceTitle "EXT 2019"]
[Source "ChessBase"]
[SourceDate "2018.10.10"]
[SourceVersion "1"]
[SourceVersionDate "2018.10.10"]
[SourceQuality "1"]

1. d4 d5 2. c4 e6 3. Nf3 Nf6 4. Nc3 Be7 5. Bf4 0-0 6. e3 c5 7. Rc1 dxc4 8. Bxc4 a6 9. 0-0 Nbd7 10. Bb3 cxd4 11. exd4 Nb6 12. Re1 Bd7 13. Be5 Bc6 14. Ng5 h6 15. Nxf7 Rxf7 16. Bxe6 Bd7 17. Bxf7+ Kxf7 18. d5 Bb4 19. Qb3 Bxc3 20. Rxc3 Ba4 21. Qb4 Nfxd5 22. Rf3+ Kg8 23. Qd4 Qe7 24. Rg3 g5 25. h4 Qb4 26. Qxb4 Nxb4 27. hxg5 h5 28. Bd6 N4d5 29. Re6 Be8 30. Rf3 Bf7 31. Rh6 Nc4 32. b3 Nxd6 33. Rxd6 Nb4 34. Rd7 Bd5 35. Rf6 Re8 36. Rg6+ Kh8 37. Kh2 Bc6 38. Rf7 Nd3 39. Kg3 Re4 40. f3 Re2 41. Rd6 Kg8 42. g6 Ne1 43. Rd8+ Be8 44. Rxb7 Nxg2 45. Rbb8 h4+ 46. Kg4 Kf8 47. Rxe8+ 1-0

[Event "VIE-ch Resolution 7th"]
[Site "Bac Giang"]
[Date "2014.12.05"]
[Round "1"]
[White "Cao, Sang"]
[Black "Nguyen, Thanh Nghia"]
[Result "1-0"]
[WhiteElo "2480"]
[BlackElo "2124"]
[PlyCount "57"]
[EventDate "2014.12.05"]
[EventType "swiss"]
[EventRounds "9"]
[EventCountry "VIE"]
[SourceTitle "EXT 2016"]
[Source "ChessBase"]
[SourceDate "2015.10.08"]
[SourceVersion "1"]
[SourceVersionDate "2015.10.08"]
[SourceQuality "1"]

1. e4 c5 2. Nf3 Nc6 3. Bb5 d6 4. Nc3 Bd7 5. Bxc6 bxc6 6. e5 d5 7. h3 e6 8. 0-0 Ne7 9. d3 Ng6 10. Na4 Be7 11. b3 c4 12. dxc4 dxc4 13. Qe2 Qc7 14. Qxc4 Nxe5 15. Nxe5 Qxe5 16. Bb2 Qg5 17. Rad1 Rd8 18. Rd3 Qb5 19. Qd4 e5 20. Qxa7 Bc8 21. c4 Qb7 22. Qxb7 Bxb7 23. Rxd8+ Bxd8 24. Bxe5 0-0 25. Rd1 f6 26. Bd4 Bc7 27. Bb6 Be5 28. Nc5 Bc8 29. a4 1-0

[Event "VIE-chT"]
[Site "Ho Chi Minh City"]
[Date "2012.09.25"]
[Round "7"]
[White "Nguyen, Thanh Nghia"]
[Black "Nguyen, Van Thanh"]
[Result "1/2-1/2"]
[WhiteElo "2143"]
[BlackElo "2214"]
[PlyCount "116"]
[EventDate "2012.09.21"]
[EventType "team-tourn"]
[EventRounds "9"]
[EventCountry "VIE"]
[SourceTitle "CBM 150 Extra"]
[Source "ChessBase"]
[SourceDate "2012.10.19"]
[SourceVersion "1"]
[SourceVersionDate "2012.10.19"]
[SourceQuality "1"]

1. e4 e5 2. Nf3 Nc6 3. Bc4 Be7 4. d3 Nf6 5. 0-0 d6 6. h3 Na5 7. Nbd2 0-0 8. Re1 a6 9. c3 c5 10. Bb3 Nxb3 11. axb3 b5 12. c4 Bb7 13. Nf1 Qb6 14. Ne3 Rfb8 15. g4 g6 16. Kh2 Bc6 17. Ng1 Nd7 18. Ne2 Bg5 19. Nd5 Bxd5 20. Bxg5 Be6 21. Rb1 f6 22. Be3 Rf8 23. Rg1 Kh8 24. Nc3 Rf7 25. Qd2 g5 26. Ra1 Rb8 27. Ra2 Nf8 28. Rga1 Bc8 29. Nd5 Qd8 30. f3 Ng6 31. Bf2 bxc4 32. bxc4 Rfb7 33. Be1 Kg7 34. Qe2 Qh8 35. Ba5 h5 36. Bc7 Rxc7 37. Nxc7 Nf4 38. Qf1 hxg4 39. Nd5 Nxh3 40. fxg4 Nf4+ 41. Kg1 Bxg4 42. Nxf4 exf4 43. Qg2 Qh4 44. Rxa6 f3 45. Qh2 Qxh2+ 46. Kxh2 Rxb2+ 47. Kh1 Bh3 48. R6a2 Rb3 49. Rd2 Bg2+ 50. Kh2 Kf7 51. Ra6 Ke6 52. d4 cxd4 53. Rxd4 Ke5 54. Raxd6 Kf4 55. e5+ Kxe5 56. R6d5+ Ke6 57. Rd6+ Ke5 58. R6d5+ Ke6 1/2-1/2

[Event "VIE-chT"]
[Site "Ho Chi Minh City"]
[Date "2012.09.24"]
[Round "5"]
[White "Nguyen, Thanh Nghia"]
[Black "Nguyen, Hai Dao"]
[Result "1/2-1/2"]
[WhiteElo "2143"]
[BlackElo "1997"]
[PlyCount "109"]
[EventDate "2012.09.21"]
[EventType "team-tourn"]
[EventRounds "9"]
[EventCountry "VIE"]
[SourceTitle "CBM 150 Extra"]
[Source "ChessBase"]
[SourceDate "2012.10.19"]
[SourceVersion "1"]
[SourceVersionDate "2012.10.19"]
[SourceQuality "1"]

1. e4 c5 2. Nf3 d6 3. d4 cxd4 4. Nxd4 Nf6 5. Nc3 a6 6. Be3 Qc7 7. Be2 Nc6 8. 0-0 e6 9. f4 Be7 10. Bf3 Nxd4 11. Bxd4 e5 12. Bf2 Bd7 13. f5 Bc6 14. Qd3 b5 15. a3 0-0 16. Bh4 Rfd8 17. Bxf6 Bxf6 18. Qe3 Qa7 19. Qxa7 Rxa7 20. Rad1 Rc7 21. Rd3 Be7 22. Rfd1 Rb8 23. Na2 a5 24. c3 Bb7 25. Kf2 Rc4 26. Re1 Rbc8 27. g3 Kf8 28. h4 g6 29. fxg6 hxg6 30. Rd2 Kg7 31. Nc1 b4 32. axb4 axb4 33. Na2 bxc3 34. Nxc3 Rb4 35. Ra1 Ra8 36. Rxa8 Bxa8 37. Na2 Rc4 38. b3 Rc6 39. Bd1 Bd8 40. Nb4 Ba5 41. Ra2 Bxb4 42. Rxa8 Rc1 43. Ke2 Rc3 44. g4 Bc5 45. Kd2 Rh3 46. h5 gxh5 47. gxh5 Bb4+ 48. Kc1 Rh4 49. Bc2 Rxh5 50. Rb8 Bc3 51. Bd3 Rh8 52. Rb7 Kf6 53. Bc4 Rf8 54. Kc2 Bd4 55. b4 1/2-1/2

[Event "VIE-chT"]
[Site "Ho Chi Minh City"]
[Date "2012.09.23"]
[Round "4"]
[White "Ton, Nu Hong An"]
[Black "Nguyen, Thanh Nghia"]
[Result "1-0"]
[WhiteElo "2018"]
[BlackElo "2143"]
[PlyCount "53"]
[EventDate "2012.09.21"]
[EventType "team-tourn"]
[EventRounds "9"]
[EventCountry "VIE"]
[SourceTitle "CBM 150 Extra"]
[Source "ChessBase"]
[SourceDate "2012.10.19"]
[SourceVersion "1"]
[SourceVersionDate "2012.10.19"]
[SourceQuality "1"]

1. e4 c5 2. Nf3 d6 3. c3 Nf6 4. Be2 Nc6 5. d4 cxd4 6. cxd4 Nxe4 7. d5 Qa5+ 8. Nc3 Nxc3 9. bxc3 Ne5 10. Nxe5 dxe5 11. 0-0 Bf5 12. Qb3 0-0-0 13. Be3 Kb8 14. Rfd1 h5 15. c4 e6 16. dxe6 Rxd1+ 17. Rxd1 Bxe6 18. Bf3 Bc8 19. h3 Qb4 20. Qc2 f5 21. Rb1 Qa3 22. c5 e4 23. Rb3 Qa5 24. Bf4+ Ka8 25. c6 Be7 26. Qb2 Qe1+ 27. Kh2 1-0

[Event "VIE-ch KO"]
[Site "Can Tho"]
[Date "2012.03.26"]
[Round "1.1"]
[White "Nguyen, Thanh Nghia"]
[Black "Bui, Trong Hao"]
[Result "1-0"]
[WhiteElo "2133"]
[BlackElo "2167"]
[PlyCount "111"]
[EventDate "2012.03.26"]
[EventType "k.o."]
[EventRounds "3"]
[EventCountry "VIE"]
[SourceTitle "EXT 2013"]
[Source "ChessBase"]
[SourceDate "2012.11.22"]
[SourceVersion "1"]
[SourceVersionDate "2012.11.22"]
[SourceQuality "1"]

1. e4 c6 2. d4 d5 3. e5 Bf5 4. Bd3 Bxd3 5. Qxd3 e6 6. c3 c5 7. Nf3 Nc6 8. 0-0 cxd4 9. cxd4 Nge7 10. a3 a6 11. Nc3 Nc8 12. b4 Be7 13. Bb2 0-0 14. Na4 Nb6 15. Nxb6 Qxb6 16. Rfe1 Qb5 17. Qxb5 axb5 18. Nd2 Ra6 19. Nb3 Rfa8 20. f4 h5 21. Rec1 Bf8 22. Kf2 g6 23. g3 Rc8 24. Rc2 Na7 25. Rac1 Rac6 26. Rxc6 bxc6 27. Kf3 Rc7 28. Na5 Be7 29. h3 Kf8 30. g4 hxg4+ 31. hxg4 Ke8 32. f5 Bg5 33. Rg1 Nc8 34. f6 Nb6 35. Rh1 Kd7 36. Rh7 Kc8 37. Rh8+ Kd7 38. Rf8 Bh6 39. Rh8 Bg5 40. Rf8 Bh6 41. Rxf7+ Kc8 42. Rxc7+ Kxc7 43. Nb3 Nc4 44. Bc1 Bxc1 45. Nxc1 Kd7 46. Nb3 Ke8 47. Na5 Nxa3 48. Nxc6 g5 49. Ke2 Nc4 50. Na7 Na3 51. Kd3 Kf7 52. Kc3 Nb1+ 53. Kc2 Na3+ 54. Kb3 Nc4 55. Nxb5 Ne3 56. Nd6+ 1-0

[Event "VIE-ch"]
[Site "Can Tho"]
[Date "2012.03.21"]
[Round "4"]
[White "Nguyen, Thanh Nghia"]
[Black "Nguyen, Hoang Duc"]
[Result "1-0"]
[WhiteElo "2133"]
[BlackElo "1797"]
[PlyCount "87"]
[EventDate "2012.03.19"]
[EventType "swiss"]
[EventRounds "9"]
[EventCountry "VIE"]
[SourceTitle "EXT 2013"]
[Source "ChessBase"]
[SourceDate "2012.11.22"]
[SourceVersion "1"]
[SourceVersionDate "2012.11.22"]
[SourceQuality "1"]

1. e4 c5 2. Nf3 d6 3. d4 cxd4 4. Nxd4 Nf6 5. f3 e5 6. Nb3 Be7 7. c4 0-0 8. Be3 b6 9. Nc3 Bb7 10. Be2 Na6 11. 0-0 Nc7 12. Qd2 Re8 13. Rfd1 Ne6 14. Nb5 Qb8 15. Rac1 Rd8 16. Na1 Nh5 17. Nc2 Nhf4 18. Bf1 g5 19. g3 Ng6 20. Bh3 h6 21. Nb4 Bf8 22. Nd5 a6 23. Nbc3 Bxd5 24. Nxd5 Nd4 25. Bxd4 exd4 26. Qxd4 Bg7 27. Qf2 b5 28. b3 b4 29. Kh1 a5 30. f4 a4 31. f5 Ne5 32. f6 Bf8 33. Bf5 Qb7 34. Qd2 axb3 35. axb3 Ra3 36. Rb1 Rda8 37. Rb2 Ra1 38. Kg2 R8a3 39. Rxa1 Rxa1 40. Qxb4 Qa7 41. Qb6 Qa3 42. Rf2 Qc1 43. Ne7+ Kh8 44. Qd8 1-0

[Event "VIE-ch"]
[Site "Can Tho"]
[Date "2012.03.20"]
[Round "3"]
[White "Le, Cong Cuong"]
[Black "Nguyen, Thanh Nghia"]
[Result "1-0"]
[WhiteElo "2039"]
[BlackElo "2133"]
[PlyCount "147"]
[EventDate "2012.03.19"]
[EventType "swiss"]
[EventRounds "9"]
[EventCountry "VIE"]
[SourceTitle "EXT 2013"]
[Source "ChessBase"]
[SourceDate "2012.11.22"]
[SourceVersion "1"]
[SourceVersionDate "2012.11.22"]
[SourceQuality "1"]

1. e4 e5 2. Nf3 Nc6 3. Bb5 a6 4. Ba4 Nf6 5. 0-0 Be7 6. Re1 b5 7. Bb3 d6 8. c3 0-0 9. h3 Na5 10. Bc2 c5 11. d4 Qc7 12. Nbd2 cxd4 13. cxd4 Nc6 14. Nb3 a5 15. Be3 a4 16. Nbd2 Bd7 17. Rc1 Rfc8 18. Bd3 Qb7 19. Qe2 Rab8 20. b3 axb3 21. Nxb3 Ne8 22. Bd2 f6 23. d5 Na7 24. Rb1 Bd8 25. Nh2 Bb6 26. Kh1 Nc7 27. Bb4 Ne8 28. Rec1 Rxc1+ 29. Nxc1 Bc5 30. Be1 Nc7 31. Nf1 Qc8 32. Nb3 Bb6 33. Rc1 Qd8 34. Bb4 Be8 35. Ne3 g6 36. Qg4 Kh8 37. Qe2 Na6 38. Ba3 Qe7 39. Rf1 Rc8 40. f4 Nc5 41. Nxc5 Bxc5 42. Bb2 Bd7 43. Ng4 Bxg4 44. Qxg4 Rf8 45. Qh4 g5 46. fxg5 fxg5 47. Qe1 b4 48. Bc1 Rxf1+ 49. Qxf1 Kg7 50. Qf5 h6 51. Kh2 Qc7 52. Bd2 Nc8 53. h4 Ne7 54. Qg4 Ng8 55. hxg5 hxg5 56. Qxg5+ Kh8 57. Qh5+ Kg7 58. Qg4+ Kh8 59. Bg5 Qf7 60. Be2 Qf2 61. Qh4+ Kg7 62. Qxf2 Bxf2 63. Bd2 Bc5 64. Bg4 Nf6 65. Bf5 Nh5 66. g3 Kf6 67. Bg4 Ng7 68. Kg2 Ne8 69. Kf3 Nc7 70. Bd7 Na8 71. Ke2 Nb6 72. Bb5 Nc8 73. Kd3 Ke7 74. Kc4 1-0

[Event "VIE-ch"]
[Site "Da Lat"]
[Date "2011.03.22"]
[Round "4"]
[White "Nguyen, Thanh Nghia"]
[Black "Cao, Sang"]
[Result "0-1"]
[WhiteElo "2161"]
[BlackElo "2557"]
[PlyCount "90"]
[EventDate "2011.03.20"]
[EventType "swiss"]
[EventRounds "11"]
[EventCountry "VIE"]
[SourceTitle "CBM 141 Extra"]
[Source "ChessBase"]
[SourceDate "2011.05.03"]
[SourceVersion "1"]
[SourceVersionDate "2011.05.03"]
[SourceQuality "1"]

1. e4 c5 2. Nf3 Nc6 3. d4 cxd4 4. Nxd4 Nf6 5. Nc3 e5 6. Ndb5 d6 7. Bg5 a6 8. Na3 b5 9. Nd5 Be7 10. Bxf6 Bxf6 11. c3 Bg5 12. Nc2 0-0 13. Bd3 Ne7 14. Nce3 Be6 15. 0-0 Nxd5 16. Nxd5 Bxd5 17. exd5 f5 18. a4 Rb8 19. axb5 axb5 20. Ra7 e4 21. Bc2 b4 22. Ba4 bxc3 23. bxc3 Bf6 24. c4 Qb6 25. Rd7 Qc5 26. Bb5 Ra8 27. Qe2 Ra3 28. Rb7 Rb3 29. Qh5 Qc8 30. Ra7 Qc5 31. Rb7 Bd8 32. Rb8 g6 33. Qh6 Qc7 34. Ra8 Qe7 35. Qd2 Qg7 36. Qa2 Rb2 37. Qa1 Qe5 38. Bd7 Bb6 39. Be6+ Kg7 40. Rxf8 Kxf8 41. Qa8+ Kg7 42. Qg8+ Kh6 43. Qf8+ Kh5 44. h3 Rxf2 45. g4+ Kh4 0-1

[Event "VIE-ch"]
[Site "Da Lat"]
[Date "2011.03.20"]
[Round "1"]
[White "Nguyen, Anh Dung"]
[Black "Nguyen, Thanh Nghia"]
[Result "1-0"]
[WhiteElo "2479"]
[BlackElo "2161"]
[PlyCount "29"]
[EventDate "2011.03.20"]
[EventType "swiss"]
[EventRounds "11"]
[EventCountry "VIE"]
[SourceTitle "CBM 141 Extra"]
[Source "ChessBase"]
[SourceDate "2011.05.03"]
[SourceVersion "1"]
[SourceVersionDate "2011.05.03"]
[SourceQuality "1"]

1. c4 Nf6 2. Nc3 c6 3. e4 e5 4. Nf3 d6 5. d4 Qc7 6. Be2 Be7 7. 0-0 0-0 8. h3 Re8 9. Be3 Nbd7 10. d5 c5 11. a3 Nh5 12. Nxe5 Nxe5 13. Bxh5 Nxc4 14. Qa4 Bd7 15. Qxc4 1-0

[Event "Ho Chi Minh City HD Bank op 1st"]
[Site "Ho Chi Minh City"]
[Date "2011.01.09"]
[Round "9"]
[White "Nguyen, Thanh Nghia"]
[Black "Ton, Nu Hong An"]
[Result "1/2-1/2"]
[WhiteElo "2207"]
[BlackElo "2006"]
[PlyCount "60"]
[EventDate "2011.01.04"]
[EventType "swiss"]
[EventRounds "9"]
[EventCountry "VIE"]
[SourceTitle "CBM 140 Extra"]
[Source "ChessBase"]
[SourceDate "2011.03.01"]
[SourceVersion "1"]
[SourceVersionDate "2011.03.01"]
[SourceQuality "1"]

1. e4 e5 2. Nf3 Nf6 3. Nc3 Nc6 4. Bc4 Be7 5. d3 d6 6. h3 0-0 7. 0-0 Na5 8. Bb3 Nxb3 9. axb3 Re8 10. Be3 a6 11. Nd2 d5 12. exd5 Nxd5 13. Nxd5 Qxd5 14. Qf3 Qxf3 15. Nxf3 Bf6 16. Ng5 Bxg5 17. Bxg5 Bd7 18. Rfe1 f6 19. Bd2 Rad8 20. Re3 Kf7 21. Rae1 b6 22. f4 exf4 23. Rxe8 Rxe8 24. Rxe8 Bxe8 25. Bxf4 c6 26. Kf2 Ke6 27. Ke3 g5 28. Bc7 b5 29. g3 h5 30. h4 Bg6 1/2-1/2

[Event "Ho Chi Minh City HD Bank op 1st"]
[Site "Ho Chi Minh City"]
[Date "2011.01.05"]
[Round "4"]
[White "Nguyen, Thanh Nghia"]
[Black "Nguyen, Duc Viet"]
[Result "1/2-1/2"]
[WhiteElo "2207"]
[BlackElo "2075"]
[PlyCount "116"]
[EventDate "2011.01.04"]
[EventType "swiss"]
[EventRounds "9"]
[EventCountry "VIE"]
[SourceTitle "CBM 140 Extra"]
[Source "ChessBase"]
[SourceDate "2011.03.01"]
[SourceVersion "1"]
[SourceVersionDate "2011.03.01"]
[SourceQuality "1"]

1. e4 e6 2. d4 d5 3. exd5 exd5 4. Bf4 Bf5 5. Nc3 Bd6 6. Bxd6 Qxd6 7. Qd2 Nf6 8. 0-0-0 0-0 9. f3 Nbd7 10. g4 Be6 11. h4 c6 12. Nh3 b5 13. h5 Nb6 14. h6 g6 15. Qf4 Ne8 16. Bd3 Qxf4+ 17. Nxf4 Nc7 18. Rde1 Rae8 19. Re2 Bd7 20. Rhe1 Rxe2 21. Ncxe2 Re8 22. b3 a5 23. Kd2 Ne6 24. Nxe6 Rxe6 25. Nf4 Rxe1 26. Kxe1 f6 27. Kf2 Nc8 28. c4 dxc4 29. bxc4 Nd6 30. c5 Nf7 31. d5 Nxh6 32. Be4 cxd5 33. Nxd5 Kf7 34. Nb6 Be6 35. c6 Ng8 36. Bd3 b4 37. Nc4 a4 38. a3 Ne7 39. c7 Nd5 40. Nd6+ Kf8 41. c8Q+ Bxc8 42. Nxc8 bxa3 43. Bc4 Nc3 44. Nb6 Kg7 45. Ke1 h5 46. Kd2 a2 47. Bxa2 Nxa2 48. Nxa4 h4 49. Ke3 Nb4 50. Nc5 Nd5+ 51. Kf2 Nf4 52. Ne4 g5 53. Nd6 Kf8 54. Nf5 Kf7 55. Ke3 Ke6 56. Ke4 Kd7 57. Ke3 Kc6 58. Ke4 Ng2 1/2-1/2

[Event "VIE-ch"]
[Site "Ho Chi Minh City"]
[Date "2010.03.31"]
[Round "9"]
[White "Nguyen, Thanh Nghia"]
[Black "Tran, Quoc Dung"]
[Result "0-1"]
[WhiteElo "2206"]
[BlackElo "2229"]
[PlyCount "76"]
[EventDate "2010.03.26"]
[EventType "swiss"]
[EventRounds "9"]
[EventCountry "VIE"]
[SourceTitle "CBM 135 Extra"]
[Source "ChessBase"]
[SourceDate "2010.05.04"]
[SourceVersion "1"]
[SourceVersionDate "2010.05.04"]
[SourceQuality "1"]

1. e4 c6 2. d4 d5 3. e5 Bf5 4. Nf3 e6 5. Bd3 Bxd3 6. Qxd3 c5 7. c3 Nc6 8. 0-0 Rc8 9. a3 c4 10. Qc2 Nge7 11. Re1 Ng6 12. Be3 Be7 13. Nbd2 0-0 14. Rab1 b5 15. Nf1 Na5 16. Ng3 Nb3 17. Nd2 Nxd2 18. Bxd2 Bg5 19. Ne2 Bxd2 20. Qxd2 f6 21. f4 fxe5 22. dxe5 Qb6+ 23. Nd4 Rxf4 24. g3 Rf7 25. Kg2 Rcf8 26. Re2 Ne7 27. Rd1 Nf5 28. Qg5 Nxd4 29. Rxd4 Qc7 30. h4 Rf5 31. Qe3 Qf7 32. Rdd2 Rf3 33. Qg5 a5 34. Qg4 h5 35. Qg5 b4 36. axb4 axb4 37. cxb4 d4 38. Rd1 Rf1 0-1

[Event "VIE-ch"]
[Site "Ho Chi Minh City"]
[Date "2010.03.29"]
[Round "6"]
[White "Bui, Vinh"]
[Black "Nguyen, Thanh Nghia"]
[Result "0-1"]
[WhiteElo "2480"]
[BlackElo "2206"]
[PlyCount "72"]
[EventDate "2010.03.26"]
[EventType "swiss"]
[EventRounds "9"]
[EventCountry "VIE"]
[SourceTitle "CBM 135 Extra"]
[Source "ChessBase"]
[SourceDate "2010.05.04"]
[SourceVersion "1"]
[SourceVersionDate "2010.05.04"]
[SourceQuality "1"]

1. d4 d5 2. Bg5 Nf6 3. Bxf6 exf6 4. e3 Bd6 5. g3 0-0 6. Bg2 c6 7. Ne2 Re8 8. 0-0 Bf5 9. Nd2 Nd7 10. c4 dxc4 11. Nxc4 Bc7 12. Nc3 Be6 13. Qe2 f5 14. Rfd1 Nf6 15. Ne5 Nd5 16. Nxd5 Bxd5 17. Nd3 Bxg2 18. Kxg2 Qxd4 19. Qf3 Qf6 20. b4 Bd6 21. Nc5 Bxc5 22. bxc5 Qe5 23. Rab1 Re7 24. Rdc1 Rd8 25. Rc4 g6 26. a4 Rd2 27. Rcb4 Qxc5 28. Rxb7 Rxe3 29. Qf4 Ree2 30. Rf1 a5 31. Kg1 Kg7 32. h4 h5 33. Qc7 Qd5 34. Ra7 Rxf2 35. Rxf2 Rd1+ 36. Rf1 Qd4+ 0-1

[Event "VIE-ch"]
[Site "Ho Chi Minh City"]
[Date "2010.03.28"]
[Round "4"]
[White "Nguyen, Hoang Nam2222"]
[Black "Nguyen, Thanh Nghia"]
[Result "1/2-1/2"]
[WhiteElo "2348"]
[BlackElo "2206"]
[PlyCount "120"]
[EventDate "2010.03.26"]
[EventType "swiss"]
[EventRounds "9"]
[EventCountry "VIE"]
[SourceTitle "CBM 135 Extra"]
[Source "ChessBase"]
[SourceDate "2010.05.04"]
[SourceVersion "1"]
[SourceVersionDate "2010.05.04"]
[SourceQuality "1"]

1. e4 e5 2. Nf3 Nc6 3. Bb5 a6 4. Bxc6 dxc6 5. 0-0 f6 6. d4 exd4 7. Nxd4 c5 8. Nb3 Qxd1 9. Rxd1 Bd7 10. Bf4 0-0-0 11. Nc3 Bc6 12. Rxd8+ Kxd8 13. Na5 Ne7 14. Rd1+ Kc8 15. Nxc6 Nxc6 16. Nd5 Bd6 17. Bxd6 cxd6 18. f3 Rf8 19. Ne3 Kc7 20. Rd2 Ne7 21. g4 g6 22. Rg2 b5 23. h4 Kc6 24. c4 Rf7 25. h5 gxh5 26. gxh5 f5 27. h6 fxe4 28. fxe4 Rf6 29. Rg7 Rg6+ 30. Kf2 Rxg7 31. hxg7 bxc4 32. Nxc4 d5 33. Ne5+ Kd6 34. Nf7+ Ke6 35. Nh6 dxe4 36. Ke3 Kd5 37. g8Q+ Nxg8 38. Nxg8 Ke5 39. Nh6 a5 40. Ng4+ Kd5 41. Nf6+ Kc4 42. Nxe4 a4 43. Nd2+ Kd5 44. Nb1 Kc4 45. Na3+ Kd5 46. Nb5 Kc4 47. Nd6+ Kb4 48. Kd3 h5 49. Nc4 h4 50. Nd2 h3 51. a3+ Kb5 52. Nf3 Kc6 53. Kc4 Kb6 54. Kd5 Kb5 55. Ke4 Kb6 56. Kd3 Kb5 57. Ke3 Kc4 58. Nd2+ Kd5 59. Kf3 Kd4 60. Nb1 Kc4 1/2-1/2

[Event "VIE-ch"]
[Site "Ho Chi Minh City"]
[Date "2010.03.26"]
[Round "1"]
[White "Nguyen, Thanh Nghia"]
[Black "Nguyen, Anh Dung"]
[Result "0-1"]
[WhiteElo "2206"]
[BlackElo "2464"]
[PlyCount "140"]
[EventDate "2010.03.26"]
[EventType "swiss"]
[EventRounds "9"]
[EventCountry "VIE"]
[SourceTitle "CBM 135 Extra"]
[Source "ChessBase"]
[SourceDate "2010.05.04"]
[SourceVersion "1"]
[SourceVersionDate "2010.05.04"]
[SourceQuality "1"]

1. e4 c5 2. Nf3 Nc6 3. d4 cxd4 4. Nxd4 e6 5. Nc3 Qc7 6. Be2 Nf6 7. 0-0 a6 8. a3 Bd6 9. h3 Nxd4 10. Qxd4 Be5 11. Qe3 b5 12. Bd2 Bb7 13. Bd3 d5 14. exd5 Nxd5 15. Nxd5 Bxd5 16. a4 0-0 17. c3 Rad8 18. Rfe1 Bh2+ 19. Kh1 Bd6 20. axb5 axb5 21. Qe2 Qb7 22. Be4 Bc5 23. Bxd5 Rxd5 24. Be3 Bxe3 25. Qxe3 Rfd8 26. Kg1 h6 27. Qe4 Qb6 28. Re3 Rd2 29. b4 Qc7 30. g3 R2d5 31. Kg2 g6 32. Rc1 Kg7 33. c4 Rd4 34. Qe5+ Qxe5 35. Rxe5 bxc4 36. Rc5 Rb8 37. R5xc4 Rxb4 38. Rxd4 Rxd4 39. Rc7 g5 40. Kf3 Kg6 41. Re7 h5 42. Rb7 h4 43. Rb3 hxg3 44. Kxg3 Kf5 45. Ra3 e5 46. Rf3+ Ke6 47. Ra3 f5 48. Ra6+ Rd6 49. Ra8 Rd3+ 50. Kg2 e4 51. Rg8 Kf6 52. Re8 Rd7 53. Kg3 Re7 54. Rf8+ Ke5 55. Rg8 f4+ 56. Kg4 Kd4 57. Rd8+ Kc3 58. Kxg5 e3 59. fxe3 fxe3 60. Rd1 e2 61. Re1 Kd2 62. Rh1 Rg7+ 63. Kh6 Rg2 64. h4 e1Q 65. Rxe1 Kxe1 66. h5 Kf2 67. Kh7 Kf3 68. h6 Kf4 69. Kh8 Kf5 70. h7 Kg6 0-1

[Event "VIE-ch"]
[Site "Ho Chi Minh City"]
[Date "2009.12.16"]
[Round "9"]
[White "Dang, The Nam"]
[Black "Nguyen, Thanh Nghia"]
[Result "0-1"]
[WhiteElo "2124"]
[BlackElo "2201"]
[PlyCount "48"]
[EventDate "2009.12.10"]
[EventType "swiss"]
[EventRounds "9"]
[EventCountry "VIE"]
[SourceTitle "CBM 133 Extra"]
[Source "ChessBase"]
[SourceDate "2010.01.05"]
[SourceVersion "1"]
[SourceVersionDate "2010.01.05"]
[SourceQuality "1"]

1. e4 e5 2. Nf3 Nc6 3. Bb5 a6 4. Bxc6 dxc6 5. d4 exd4 6. Qxd4 Qxd4 7. Nxd4 Bd7 8. 0-0 0-0-0 9. c3 Ne7 10. f4 c5 11. Nf3 Nc6 12. Be3 h6 13. Nbd2 Be7 14. Rad1 f5 15. e5 Be6 16. Nb3 b6 17. Kf2 Rxd1 18. Rxd1 Rg8 19. h4 Bd8 20. Nc1 Ne7 21. Ne2 Bxa2 22. Ra1 Bc4 23. b3 Bxb3 24. Rxa6 Kb7 0-1

[Event "VIE-ch"]
[Site "Ho Chi Minh City"]
[Date "2009.12.14"]
[Round "6"]
[White "Nguyen, Hoang Nam2222"]
[Black "Nguyen, Thanh Nghia"]
[Result "1-0"]
[WhiteElo "2368"]
[BlackElo "2201"]
[PlyCount "75"]
[EventDate "2009.12.10"]
[EventType "swiss"]
[EventRounds "9"]
[EventCountry "VIE"]
[SourceTitle "CBM 133 Extra"]
[Source "ChessBase"]
[SourceDate "2010.01.05"]
[SourceVersion "1"]
[SourceVersionDate "2010.01.05"]
[SourceQuality "1"]

1. e4 e5 2. Nf3 Nc6 3. Bb5 a6 4. Bxc6 dxc6 5. 0-0 f6 6. d4 exd4 7. Nxd4 c5 8. Nb3 Qxd1 9. Rxd1 Bd6 10. Na5 b6 11. Nc4 Be7 12. Bf4 Be6 13. b3 Rc8 14. Nc3 g5 15. Bg3 h5 16. h4 Nh6 17. Nd5 Bd8 18. e5 b5 19. Nce3 f5 20. hxg5 Bxg5 21. Nf4 Kf7 22. Nxe6 Kxe6 23. f4 Be7 24. Nd5 Bd8 25. c4 c6 26. Nf6 Be7 27. Nxh5 Rcg8 28. Be1 Nf7 29. Ng3 Rh6 30. Nf1 Rgh8 31. Bg3 Rh1+ 32. Kf2 Nh6 33. Ne3 Rh5 34. Kf3 Nf7 35. Bf2 Rd8 36. Rxd8 Nxd8 37. Rg1 Kf7 38. Nxf5 1-0